Viajeros 1 : los comepalabras :
Guardado en:
| Autor Principal: | |
|---|---|
| Otros Autores: | , , |
| Formato: | Libro |
| Publicado: |
Buenos Aires :
Asís,
1996
|
| Edición: | 3a. ed. |
| Materias: | |
| Etiquetas: |
Agregar Etiqueta
Sin Etiquetas, Sea el primero en etiquetar este registro!
|
| LEADER | 01004nam a22002655a 4500 | ||
|---|---|---|---|
| 001 | CEM.cems012475 | ||
| 005 | 20070418140515.0 | ||
| 008 | 130507s1996##################000#0#####d | ||
| 003 | CEMS | ||
| 020 | |a 9879573617 | ||
| 082 | 0 | 4 | |a 372.24 |
| 100 | 1 | |a Gerini, María Gracia | |
| 245 | 1 | 0 | |a Viajeros 1 : |b los comepalabras : |c María Gracia Gerini ; graciela Skilton ; patricia Somoza ; adriana Díaz |
| 250 | |a 3a. ed. | ||
| 260 | |a Buenos Aires : |b Asís, |c 1996 | ||
| 300 | |a 233 p. | ||
| 505 | 0 | |a Los comepalabras / María Gracia Gerini ; Graciela Skilton -- Actividades de lectroescritura / Graciela Skilton ; Patricia Somoza -- Introducción a la matemática / Adriana Díaz | |
| 653 | |a Biblioteca maría de los angeles saggio | ||
| 653 | |a Lectoescritura inicial | ||
| 653 | |a Educación primaria | ||
| 653 | |a Matemática inicial | ||
| 700 | 1 | |a Skilton, Graciela | |
| 700 | 1 | |a Somoza, Patricia | |
| 700 | 1 | |a Díaz, Adriana | |
| 859 | |a CEMS |b BIB. CEMS - 11 de abril |h 372.24 |i V65a3 |p 23788.07 |t Ej.1 |v 1º |3 1º | ||
